| 000 | 00651nab a2200181 4500 | ||
|---|---|---|---|
| 001 | 244442 | ||
| 003 | OSt | ||
| 005 | 20241016094044.0 | ||
| 007 | tu | ||
| 008 | 200917s2020||||||| | ||
| 040 |
_aDE-2950 _cDE-2950 |
||
| 245 | 0 | 0 |
_aWas das Seniorenzentrum in Süd seinen Bewohnern bietet _bAltenpflege. Das einstige Feierabendheim im Frankfurter Kosmonautenviertel besteht seit einem halben Jahrhundert. Wie die Einrichtung aufgestellt ist/ _cThomas Gutke |
| 264 | _c2024 | ||
| 653 | _aFrankfurt (Oder) | ||
| 653 | _aSeniorenzentrum Süd | ||
| 773 | 0 |
_g35. Jahrgang (2024) Nr. 242 vom 16.10.2024, S. 15 mit Foto _tMärkische Oderzeitung |
|
| 942 |
_2z _cA |
||
| 999 |
_c373418 _d373418 |
||